MARC

LEADER 00000cam a2200000 i 4500
005 20110705145211.0
008 20 21s2007 sp d 000 0 spa d
017 |a D.L.M.56026-2007 
020 |a 9788473512718 
024 8 |a NIPO329-07-021-8 
035 |a 5543 
040 |a UMA.DER  |d BUS  |d vLex 
080 |a 35.072.7(460) 
090 |c 2170  |d 2170 
245 0 3 |a La direccin̤ de comunicacin̤ en las administraciones pb︢licas :  |b retos y oportunidades /  |c estudio realizado por Dircom, Asociacin̤ de Directivos de Comunicacin̤.  |h [Recurso electrn̤ico] 
256 |a Servicio en ln̕ea. 
260 |a Madrid :  |b Instituto Nacional de Administracin̤ Pb︢lica,  |c 2007. 
300 |a 102 p. :  |b grf̀. ;  |c 24 cm. 
490 1 |a Estudios y documentos / Instituto Nacional de Administracin̤ Pb︢lica. 
506 1 |a Contenido solo disponible en los productos indicados  |d vLex Global  |d vLex Global (Academic Edition, excluding Law Schools)  |d vLex Global (U.S. Academic Edition, Law Schools)  |d vLex Global (U.S. Academic Edition, excluding Law Schools)  |d vLex Global (Academic Edition, Law Schools) 
650 0 7 |a Medios de comunicacin̤  |2 Tesauro vLex 
650 0 7 |a Medios de comunicacin̤ social  |2 Tesauro vLex 
650 0 7 |2 Tesauro vLex  |a Derecho administrativo de las comunicaciones 
650 0 7 |2 Tesauro vLex  |a Derecho de las comunicaciones 
650 0 7 |2 Tesauro vLex  |a Medios de comunicacin̤ de masas 
650 0 7 |2 Tesauro vLex  |a Telecomunicaciones 
650 0 7 |2 Tesauro vLex  |a Prensa y medios de comunicacin̤ 
650 0 7 |2 Tesauro vLex  |a Medios de comunicacin̤ social del Estado 
710 2 |a DIRCOM. 
740 0 |a vLex Libros (Servicio en ln̕ea) 
810 2 |a Instituto Nacional de Administracin̤ Pb︢lica (Espaą).  |t Estudios y documentos. 
856 4 0 |u http://vlex.com/source/direccion-comunicacion-administraciones-publicas-retos-oportunidades-5543  |z Acceso restringido 
942 |c BOOK